[Event "Hoogeveen Open"]
[Site "Hoogeveen, Netherlands"]
[Date "2016.10.20"]
[Round "7.20"]
[White "Heemskerk, Wim"]
[Black "Vardan Nagpal"]
[Result "1-0"]
[WhiteElo "2243"]
[BlackElo "2117"]
[PlyCount "121"]
[EventDate "2016.??.??"]

1. Nf3 d5 2. g3 c6 3. Bg2 Bg4 4. c4 e6 5. O-O Nf6 6. d3 Bd6 7. h3 Bh5 8. Nc3
O-O 9. cxd5 exd5 10. e4 dxe4 11. dxe4 Bxf3 12. Bxf3 Qe7 13. Bg2 Nbd7 14. f4
Rad8 15. Qc2 Bc5+ 16. Kh2 Nb6 17. e5 Nfd5 18. Ne4 Be3 19. Ng5 g6 20. Qb3 Bxc1
21. Raxc1 f6 22. exf6 Rxf6 23. Rcd1 Re8 24. h4 Qe2 25. Rfe1 Qxe1 26. Rxe1 Rxe1
27. a4 Re3 28. Bxd5+ Nxd5 29. Qxb7 Re7 30. Qc8+ Kg7 31. Nf3 Nb6 32. Qd8 Rd7 33.
Qe8 Rc7 34. Ne5 Rf8 35. Qe6 Rf6 36. Qe8 Rf8 37. Qe6 Rf6 38. Qb3 Nd7 39. Ng4 Rf8
40. Qc3+ Nf6 41. Qe5 Rcf7 42. h5 gxh5 43. Nh6 Rd7 44. Kh3 Kh8 45. b4 Kg7 46.
Nf5+ Kg8 47. Qe6+ Kh8 48. Qxc6 Rdf7 49. Qc3 Rd7 50. b5 Kg8 51. Qc4+ Nd5 52. Ne3
Rfd8 53. a5 Kf8 54. Qc5+ Kg8 55. Nf5 Kf7 56. b6 axb6 57. axb6 Rb8 58. Nd6+ Ke6
59. Nc4 Rbb7 60. Ne5 Nxb6 61. Nxd7 1-0

[Event "Hoogeveen Open"]
[Site "Hoogeveen, Netherlands"]
[Date "2016.10.20"]
[Round "7.21"]
[White "Vedder, Richard"]
[Black "Bekedam, Tyro"]
[Result "1/2-1/2"]
[WhiteElo "2205"]
[BlackElo "2069"]
[PlyCount "66"]
[EventDate "2016.??.??"]

1. e4 c6 2. d4 d5 3. e5 Bf5 4. Nc3 e6 5. g4 Bg6 6. Nge2 c5 7. h4 h5 8. Nf4 Bh7
9. g5 cxd4 10. Nb5 Be4 11. Rh3 g6 12. Nxd4 Ne7 13. Rb3 Qc8 14. f3 Bf5 15. Bb5+
Nbc6 16. Qe2 Bg7 17. Nxc6 Nxc6 18. Nd3 O-O 19. Bxc6 bxc6 20. Rc3 Qc7 21. f4
Rfd8 22. Bd2 Bf8 23. Qf2 Rab8 24. b3 Rdc8 25. Nc5 Rb4 26. a3 Rb5 27. Qd4 Qb6
28. Be3 Bxc5 29. Rxc5 Rxc5 30. Qxc5 Qxc5 31. Bxc5 Bxc2 32. b4 a6 33. Rc1 Ba4
1/2-1/2

[Event "Hoogeveen Open"]
[Site "Hoogeveen, Netherlands"]
[Date "2016.10.20"]
[Round "7.22"]
[White "Vroombout, Enrico"]
[Black "Dushyant Sharma"]
[Result "1-0"]
[WhiteElo "2190"]
[BlackElo "2039"]
[PlyCount "123"]
[EventDate "2016.??.??"]

1. e4 c5 2. Nf3 Nc6 3. Bb5 g6 4. Bxc6 dxc6 5. d3 Bg7 6. O-O Qc7 7. Nbd2 e5 8.
Nc4 Ne7 9. a3 a5 10. Be3 b6 11. b4 axb4 12. axb4 Rxa1 13. Qxa1 b5 14. Qa5 Qxa5
15. Nxa5 cxb4 16. Bc5 Bd7 17. Ra1 f6 18. Nb3 Nc8 19. Ra6 Bf8 20. d4 exd4 21.
Nfxd4 Bxc5 22. Nxc5 Ne7 23. Ra8+ Bc8 24. Nxc6 Kf7 25. Ra7 Re8 26. f3 Kf8 27.
Nxe7 Rxe7 28. Ra8 Re8 29. Rb8 Kf7 30. Kf2 f5 31. e5 g5 32. g3 Ke7 33. f4 g4 34.
Ke3 Rd8 35. Nb7 Bxb7 36. Rxb7+ Ke6 37. Rxb5 Rc8 38. Rxb4 Rxc2 39. Rb6+ Kd5 40.
Rd6+ Kc5 41. Rf6 Rxh2 42. Rxf5 Kd5 43. Rf6 Rg2 44. Rd6+ Kc5 45. Ke4 Rxg3 46.
Rh6 Rg1 47. Rxh7 g3 48. Rc7+ Kb6 49. Rg7 g2 50. Kf5 Kc5 51. Ke6 Rf1 52. Rxg2
Rxf4 53. Rc2+ Kd4 54. Kd6 Kd3 55. Rc8 Rd4+ 56. Ke7 Rh4 57. e6 Kd4 58. Kd7 Kd5
59. e7 Rh7 60. Kd8 Kd6 61. e8=Q Rf7 62. Rc6+ 1-0

[Event "Hoogeveen Open"]
[Site "Hoogeveen, Netherlands"]
[Date "2016.10.20"]
[Round "7.23"]
[White "Schut, Han"]
[Black "Nguyen, Kevin"]
[Result "1-0"]
[WhiteElo "2128"]
[BlackElo "2185"]
[PlyCount "89"]
[EventDate "2016.??.??"]

1. e4 c5 2. Nf3 d6 3. d4 cxd4 4. Nxd4 Nf6 5. Nc3 g6 6. Be3 Bg7 7. f3 Nc6 8. Qd2
O-O 9. O-O-O Nxd4 10. Bxd4 Be6 11. Kb1 Re8 12. Bb5 Rf8 13. Be2 Re8 14. Bb5 Rf8
15. Be2 Qc7 16. h4 Rfc8 17. h5 Qa5 18. a3 Nxh5 19. Bxg7 Kxg7 20. g4 Nf6 21.
Qh6+ Kg8 22. Rd5 Bxd5 23. Nxd5 Qd8 24. Qh4 Rc5 25. f4 Rxd5 26. exd5 Qd7 27. f5
Rc8 28. fxg6 fxg6 29. g5 Nh5 30. Bg4 Qc7 31. Be6+ Kh8 32. Bxc8 Qxc8 33. Re1 Qf5
34. Rxe7 Qxd5 35. c4 Qd3+ 36. Ka2 b5 37. Rc7 a6 38. Qg4 Qf5 39. Qd4+ Kg8 40.
Qa7 Qf8 41. Qb7 Ng7 42. Rc8 Ne8 43. Qd5+ Kg7 44. Qe6 b4 45. axb4 1-0

[Event "Hoogeveen Open"]
[Site "Hoogeveen, Netherlands"]
[Date "2016.10.20"]
[Round "7.24"]
[White "Keetman, Maaike"]
[Black "Taams, Sander"]
[Result "1-0"]
[WhiteElo "2174"]
[BlackElo "1857"]
[PlyCount "109"]
[EventDate "2016.??.??"]

1. e4 c5 2. Nf3 d6 3. d4 cxd4 4. Nxd4 Nf6 5. Nc3 a6 6. h3 e5 7. Nde2 b5 8. g4
Bb7 9. Bg2 b4 10. Nd5 Nxd5 11. exd5 Nd7 12. Ng3 Nc5 13. O-O g6 14. a3 a5 15.
Bd2 Qb6 16. axb4 axb4 17. Rxa8+ Bxa8 18. Qe1 b3 19. c4 Bg7 20. Be3 Qc7 21. Qb4
O-O 22. Bxc5 Qxc5 23. Qxb3 f5 24. gxf5 gxf5 25. Nh5 f4 26. Nxg7 Kxg7 27. Qc3
Rc8 28. Rc1 Qc7 29. b4 Qf7 30. Qf3 Rb8 31. c5 Rxb4 32. c6 Qf5 33. Qg4+ Qxg4 34.
hxg4 e4 35. Ra1 Bxc6 36. dxc6 Rc4 37. Ra7+ Kf6 38. c7 Rc1+ 39. Kh2 e3 40. fxe3
fxe3 41. Bf1 d5 42. Ba6 d4 43. c8=Q Rxc8 44. Bxc8 d3 45. Ra1 d2 46. Ba6 Ke5 47.
Kg3 Ke4 48. Be2 h6 49. Ra4+ Ke5 50. Kf3 Kf6 51. Kxe3 d1=Q 52. Bxd1 Kg5 53. Ra5+
Kh4 54. Kf3 h5 55. Rxh5# 1-0

[Event "Hoogeveen Open"]
[Site "Hoogeveen, Netherlands"]
[Date "2016.10.20"]
[Round "7.25"]
[White "Henseler, Jorgen"]
[Black "Clemens, Adrian"]
[Result "1/2-1/2"]
[WhiteElo "2053"]
[BlackElo "2162"]
[PlyCount "89"]
[EventDate "2016.??.??"]

1. e4 c5 2. Nf3 e6 3. d4 cxd4 4. Nxd4 Nc6 5. Nc3 Qc7 6. Be3 a6 7. Qf3 Bd6 8.
O-O-O Be5 9. Kb1 Nge7 10. h4 b5 11. h5 Bb7 12. Qg4 O-O 13. f4 Bxd4 14. Bxd4
Nxd4 15. Rxd4 f5 16. Qd1 Bc6 17. h6 g6 18. e5 Rab8 19. Rg1 b4 20. Ne2 Be4 21.
Nc1 Rbc8 22. Rc4 Nc6 23. Rc5 Bd5 24. Rxd5 exd5 25. Qxd5+ Rf7 26. Bxa6 Rb8 27.
Bc4 Nd8 28. Qd6 Qxd6 29. Bxf7+ Nxf7 30. exd6 Nxh6 31. Rd1 Ng4 32. Rd4 Ne3 33.
g3 Kf7 34. Nb3 Rb5 35. a4 bxa3 36. bxa3 Ke6 37. Rd3 Nc4 38. a4 Rb6 39. Rc3 Nxd6
40. a5 Rb8 41. Kc1 Ne4 42. Nc5+ Kd6 43. Nxe4+ fxe4 44. Kd2 Ra8 45. Ke3 1/2-1/2

[Event "Hoogeveen Open"]
[Site "Hoogeveen, Netherlands"]
[Date "2016.10.20"]
[Round "7.26"]
[White "Sparenberg, Erik"]
[Black "Hoffman, Ron"]
[Result "1-0"]
[WhiteElo "2140"]
[BlackElo "2074"]
[PlyCount "171"]
[EventDate "2016.??.??"]

1. Nf3 Nf6 2. c4 g6 3. Nc3 Bg7 4. g3 O-O 5. Bg2 d6 6. d4 Nc6 7. O-O a6 8. Bf4
h6 9. Rc1 g5 10. Be3 Ng4 11. Qd3 e5 12. dxe5 Ncxe5 13. Nxe5 Nxe5 14. Qe4 Be6
15. b3 c6 16. Rfd1 Qe7 17. Bb6 Nd7 18. Ba5 Rac8 19. Bb4 Nc5 20. Qe3 Rfe8 21.
Rd2 Rcd8 22. Rcd1 Qf8 23. Qf3 Be5 24. Ne4 Nxe4 25. Qxe4 Qg7 26. Qb1 c5 27. Bxc5
Bc3 28. Rxd6 Rxd6 29. Bxd6 Qf6 30. Qe4 Bd7 31. Qd3 Bf5 32. e4 Bg4 33. f3 Be6
34. Bc5 Ba5 35. Bd4 Qe7 36. Qe2 Qa3 37. Qb2 Qb4 38. Bf2 Bxc4 39. Rd4 b5 40. Qa1
Qc3 41. Qxc3 Bxc3 42. Rd6 Be2 43. Be3 b4 44. Kf2 Bb5 45. Rxh6 f6 46. h4 gxh4
47. Rxh4 Rd8 48. Rh1 a5 49. Bh3 Kg7 50. Be6 Rd6 51. Bd5 a4 52. g4 axb3 53. axb3
Ra6 54. g5 Ra2+ 55. Kg3 Re2 56. Bf4 Bd7 57. gxf6+ Kxf6 58. Bc1 Be1+ 59. Rxe1
Rxe1 60. Bd2 Rd1 61. Bxb4 Ke5 62. Bc3+ Kd6 63. Bc4 Kc5 64. Kf4 Rc1 65. Bd2 Rxc4
66. bxc4 Be6 67. Ke5 Bxc4 68. Kf6 Kd6 69. f4 Kd7 70. f5 Ke8 71. e5 Bd3 72. Bb4
Bc2 73. Ba3 Bd3 74. Bd6 Bc2 75. Bc7 Bd3 76. Bb6 Bc2 77. Ba5 Bd3 78. Bd2 Bc2 79.
Be3 Bd3 80. Bf4 Bc2 81. Bg5 Bd3 82. Bh6 Bc2 83. e6 Bb3 84. Ke5 Bd1 85. f6 Bh5
86. Kf5 1-0

[Event "Hoogeveen Open"]
[Site "Hoogeveen, Netherlands"]
[Date "2016.10.20"]
[Round "7.28"]
[White "Fehr, Axel"]
[Black "Hulshof, Peter"]
[Result "1-0"]
[WhiteElo "2130"]
[BlackElo "2223"]
[PlyCount "149"]
[EventDate "2016.??.??"]

1. Nf3 g6 2. d4 Bg7 3. c4 c6 4. Nc3 d6 5. e4 Bg4 6. Be3 a6 7. Be2 b5 8. O-O b4
9. Na4 Nf6 10. e5 dxe5 11. Nxe5 Bxe2 12. Qxe2 Nfd7 13. f4 O-O 14. Rad1 Qc7 15.
Qf3 a5 16. b3 Ra6 17. Rd2 Nf6 18. Nc5 Ra8 19. g4 Qc8 20. h3 Ra7 21. Rg2 Rc7 22.
Na4 Nfd7 23. Nd3 Na6 24. Re2 Nf6 25. Bf2 h5 26. f5 hxg4 27. hxg4 Nh7 28. Be3 e6
29. fxg6 fxg6 30. Qe4 Rxf1+ 31. Kxf1 Rf7+ 32. Kg2 Nf8 33. Ne5 Bxe5 34. Qxe5 c5
35. Qe4 cxd4 36. Bxd4 Qd8 37. Kg3 Rh7 38. Rh2 Rxh2 39. Kxh2 Qg5 40. Kg3 Nc7 41.
Qe5 Qxe5+ 42. Bxe5 Na6 43. Bd6 Nd7 44. c5 Kf7 45. c6 Nf6 46. Nc5 Nxc5 47. Bxc5
Nd5 48. Kh4 e5 49. Bd6 Ke6 50. c7 Nb6 51. Bc5 Nc8 52. Kg5 Kd5 53. Bg1 Kc6 54.
Kxg6 Kxc7 55. g5 Kd6 56. Kf7 Kd5 57. Bb6 Nd6+ 58. Kf6 Ne4+ 59. Kf5 Nd6+ 60. Kg4
e4 61. Bxa5 Kc5 62. g6 e3 63. Kf3 Nf5 64. Ke2 Kb5 65. Bc7 Kc5 66. Bd8 Nh6 67.
Be7+ Kd5 68. Bxb4 Ke4 69. a4 Nf5 70. Bc3 Ng3+ 71. Ke1 Kd3 72. g7 Ne4 73. g8=Q
Nxc3 74. Qc4+ Kc2 75. a5 1-0

[Event "Hoogeveen Open"]
[Site "Hoogeveen, Netherlands"]
[Date "2016.10.20"]
[Round "7.29"]
[White "Kouwenhoven, Derk"]
[Black "Vogel, Jaap"]
[Result "0-1"]
[WhiteElo "1964"]
[BlackElo "2134"]
[PlyCount "136"]
[EventDate "2016.??.??"]

1. e4 e6 2. d4 d5 3. Nd2 Nf6 4. e5 Nfd7 5. Bd3 c5 6. c3 Nc6 7. Ngf3 g6 8. h4 h6
9. O-O Qb6 10. a3 a5 11. dxc5 Nxc5 12. Bb1 a4 13. Re1 Bg7 14. Nf1 Na5 15. Be3
Nc4 16. Qd4 Nxe3 17. Nxe3 Nd7 18. h5 g5 19. Bd3 Qxd4 20. cxd4 Nb6 21. Rac1 Bd7
22. Rc3 Ke7 23. b4 Rac8 24. Rc5 Na8 25. Rec1 b6 26. Rxc8 Rxc8 27. Rxc8 Bxc8 28.
b5 Nc7 29. Nd1 Bd7 30. Nc3 Kd8 31. Nh2 f5 32. exf6 Bxf6 33. Nf3 Be8 34. Ne5 Be7
35. Nc6+ Bxc6 36. bxc6 Bxa3 37. Nxa4 b5 38. Nc3 b4 39. Na4 b3 40. Kf1 Ke7 41.
Ke2 Kd6 42. f3 Kxc6 43. Ke3 Bc1+ 44. Ke2 Nb5 45. Kd1 Ba3 46. Kd2 Nxd4 47. Kc3
e5 48. Bg6 Kb5 49. Be8+ Ka5 50. Kd3 b2 51. Nc3 Bb4 52. Nb1 Kb6 53. Bg6 Kc5 54.
Bh7 Ne6 55. g3 Nd4 56. Ke3 Be1 57. g4 Bb4 58. Bg6 Kc4 59. Bf7 Nc2+ 60. Ke2 Kd4
61. Bg6 Ne3 62. Bh7 e4 63. fxe4 dxe4 64. Bg6 Nxg4 65. Be8 Ne3 66. Bb5 Nd5 67.
Kd1 Nc3+ 68. Kc2 Nxb5 0-1

[Event "Hoogeveen Open"]
[Site "Hoogeveen, Netherlands"]
[Date "2016.10.20"]
[Round "7.30"]
[White "Van Randtwijk, Mick"]
[Black "Eck, Mathias"]
[Result "0-1"]
[WhiteElo "1932"]
[BlackElo "2082"]
[PlyCount "74"]
[EventDate "2016.??.??"]

1. e4 e5 2. Nf3 Nc6 3. Bb5 a6 4. Ba4 Nf6 5. d3 d6 6. c3 g6 7. Bg5 h6 8. Bh4 Bg7
9. O-O O-O 10. Re1 b5 11. Bc2 Re8 12. a4 Bd7 13. axb5 axb5 14. Rxa8 Qxa8 15. d4
Bg4 16. d5 Ne7 17. Bd3 g5 18. Bg3 Bd7 19. Na3 Qa5 20. Qb3 Rb8 21. Ra1 Qb6 22.
Nc2 Nexd5 23. exd5 e4 24. Bxe4 Nxe4 25. Nfd4 b4 26. Re1 bxc3 27. bxc3 Qxb3 28.
Nxb3 Nxf2 29. Kxf2 Rxb3 30. Re7 Rxc3 31. Ne3 Bb5 32. Nf5 Bf8 33. Re1 Bd7 34.
Ne3 g4 35. Rd1 Bg7 36. Kf1 Ra3 37. Rd2 Ra1+ 0-1

[Event "Hoogeveen Open"]
[Site "Hoogeveen, Netherlands"]
[Date "2016.10.20"]
[Round "7.31"]
[White "Van der Veen, Jan"]
[Black "Wedda, Dries"]
[Result "1-0"]
[WhiteElo "2059"]
[BlackElo "1994"]
[PlyCount "49"]
[EventDate "2016.??.??"]

1. e4 c5 2. Nf3 d6 3. Bb5+ Nd7 4. O-O a6 5. Bxd7+ Qxd7 6. c4 e5 7. Nc3 Ne7 8.
d3 g6 9. Bg5 Bg7 10. Bxe7 Qxe7 11. Nd5 Qd8 12. b4 O-O 13. bxc5 dxc5 14. Rb1 Rb8
15. Rb6 Bd7 16. Qd2 Bc6 17. Rfb1 Qd6 18. Qc3 f5 19. R1b2 f4 20. Nd2 g5 21. Nb3
f3 22. g3 Bf6 23. Na5 Qd7 24. Nxc6 bxc6 25. Nxf6+ 1-0

[Event "Hoogeveen Open"]
[Site "Hoogeveen, Netherlands"]
[Date "2016.10.20"]
[Round "7.32"]
[White "Boersma, Jan"]
[Black "Schoehuijs, Erik"]
[Result "1/2-1/2"]
[WhiteElo "2099"]
[BlackElo "2169"]
[PlyCount "107"]
[EventDate "2016.??.??"]

1. e4 e5 2. Nf3 Nc6 3. Bb5 Nf6 4. Qe2 Bc5 5. O-O O-O 6. c3 d6 7. h3 Bd7 8. Rd1
a6 9. Ba4 Ba7 10. Bc2 Re8 11. d3 Ne7 12. Nh4 Ng6 13. Nxg6 fxg6 14. Be3 Bxe3 15.
fxe3 Nh5 16. Nd2 Qe7 17. Nf3 Rf8 18. g4 Nf6 19. Bb3+ Kh8 20. Qg2 Bc6 21. Rf1
$11 Nd7 22. Qg3 Nc5 23. Bc2 g5 24. Rf2 g6 25. Raf1 Kg7 26. Bb1 h6 27. c4 a5 28.
b3 b5 29. h4 gxh4 30. Nxh4 Qg5 31. Rxf8 Rxf8 32. Rxf8 Kxf8 33. Kf2 bxc4 34.
bxc4 Bd7 35. Kf3 Kg7 36. Bc2 Ba4 37. Bxa4 Nxa4 38. Kf2 Nc3 39. Nf3 Qf6 40. Qg1
Nxa2 41. Qa1 Nb4 42. Qxa5 Nxd3+ 43. Ke2 Nc1+ 44. Kf2 Nd3+ 45. Ke2 Nc5 46. Qxc7+
Qf7 47. Qxd6 Qxc4+ 48. Ke1 Qc1+ 49. Ke2 Qb2+ 50. Nd2 Qb5+ 51. Kf3 Nd7 52. Qe7+
Kg8 53. Qe6+ Kg7 54. Qe7+ 1/2-1/2

[Event "Hoogeveen Open"]
[Site "Hoogeveen, Netherlands"]
[Date "2016.10.20"]
[Round "7.33"]
[White "De Boer, Bas"]
[Black "Van Dael, Siem"]
[Result "1/2-1/2"]
[WhiteElo "2149"]
[BlackElo "1995"]
[PlyCount "161"]
[EventDate "2016.??.??"]

1. d4 Nf6 2. c4 g6 3. Nc3 Bg7 4. e4 d6 5. Be2 O-O 6. Nf3 e5 7. Be3 Ng4 8. Bg5
f6 9. Bh4 g5 10. Bg3 Nh6 11. h3 Nc6 12. d5 Ne7 13. Qd2 Nf7 14. Bh2 h5 15. Qd1
f5 16. exf5 Nxf5 17. Nd2 h4 18. Nde4 Nd4 19. Bg4 Bxg4 20. hxg4 Nh6 21. Bg1 Qe7
22. f3 Rae8 23. Be3 Nf7 24. Qd2 Bf6 25. O-O-O c6 26. Nxf6+ Qxf6 27. Ne4 Qg7 28.
Bxd4 exd4 29. Qxd4 Qxd4 30. Rxd4 c5 31. Nf6+ Kh8 32. Re4 Rxe4 33. Nxe4 Kg7 34.
Kd2 Kg6 35. b3 a6 36. Re1 Re8 37. Re3 b5 38. cxb5 axb5 39. Nc3 Ra8 40. Re6+ Kg7
41. a4 c4 42. Nxb5 cxb3 43. Kc3 Rxa4 44. Kxb3 Ra5 45. Nxd6 Rxd5 $11 46. Nf5+
Kf8 47. Kc2 Re5 48. Rxe5 Nxe5 49. Nd4 Kg7 50. Kd2 Ng6 51. Ke3 Kf6 52. Ne2 Ke5
$11 53. Kf2 Ne7 54. Ng1 Nd5 55. g3 hxg3+ 56. Kxg3 Nf4 57. Nh3 Nxh3 58. Kxh3 Kf6
59. Kg2 Ke6 60. Kf2 Kf6 61. Ke2 Ke6 62. Kd2 Kd6 $11 63. Kd1 Kd5 64. Ke1 Ke5 65.
Kf1 Kf6 66. Kf2 Ke6 67. Ke2 Kd6 68. Kd2 Ke6 69. Ke2 Kd6 70. Kf2 Ke6 71. Kg3 Ke5
72. f4+ gxf4+ 73. Kf3 Kf6 74. Kxf4 Kg6 75. g5 Kg7 76. Kf5 Kf7 77. g6+ Kg7 78.
Kg5 Kg8 79. Kh6 Kh8 80. g7+ Kg8 81. Kg6 1/2-1/2

[Event "Hoogeveen Open"]
[Site "Hoogeveen, Netherlands"]
[Date "2016.10.20"]
[Round "7.34"]
[White "Bensaid, Simon"]
[Black "Van der Raaf, Erik"]
[Result "0-1"]
[WhiteElo "1983"]
[BlackElo "2117"]
[PlyCount "72"]
[EventDate "2016.??.??"]

1. e4 e6 2. b3 d5 3. Bb2 dxe4 4. Nc3 Nf6 5. Qe2 Bb4 6. a3 Bxc3 7. Bxc3 Nc6 8.
O-O-O Qe7 9. Bb2 e5 10. f3 exf3 11. gxf3 Bf5 12. Nh3 O-O-O 13. d3 Rhe8 14. Kb1
Nd4 15. Qf2 Nd5 16. f4 Qc5 17. Rd2 Nxf4 18. Nxf4 exf4 19. Bg2 g5 20. h4 h6 21.
hxg5 hxg5 22. Rh6 Bg6 23. b4 Qe5 24. Be4 Qg7 25. Rh1 f5 26. Bg2 Re3 27. Rg1 Qe7
28. Bh1 Bf7 29. c4 Nb3 30. Rdd1 Rexd3 31. Rxd3 Rxd3 32. Qxa7 f3 33. Qa8+ Kd7
34. Qxb7 Bxc4 35. Qa7 Qe2 36. Qa4+ Ke7 0-1

[Event "Hoogeveen Open"]
[Site "Hoogeveen, Netherlands"]
[Date "2016.10.20"]
[Round "7.35"]
[White "Elgersma, Simon"]
[Black "Bos, Robin"]
[Result "1/2-1/2"]
[WhiteElo "2084"]
[BlackElo "2025"]
[PlyCount "52"]
[EventDate "2016.??.??"]

1. e4 c5 2. Nf3 Nc6 3. d4 cxd4 4. Nxd4 Nf6 5. Nc3 e5 6. Ndb5 d6 7. Bg5 a6 8.
Na3 b5 9. Nd5 Qa5+ 10. Bd2 Qd8 11. Bg5 Qa5+ 12. Bd2 Qd8 13. Bd3 Nxd5 14. exd5
Ne7 15. c4 f5 16. O-O Ng6 17. cxb5 Be7 18. bxa6 O-O 19. b4 e4 20. Be2 Bxa6 21.
Nc4 f4 22. f3 Bf6 23. fxe4 Bxa1 24. Qxa1 Bxc4 25. Bxc4 Ne5 26. Be2 Qb6+ 1/2-1/2

[Event "Hoogeveen Open"]
[Site "Hoogeveen, Netherlands"]
[Date "2016.10.20"]
[Round "7.36"]
[White "Pieters, Minko"]
[Black "De Boer, Eelke"]
[Result "1-0"]
[WhiteElo "1954"]
[BlackElo "2018"]
[PlyCount "149"]
[EventDate "2016.??.??"]

1. d4 Nf6 2. c4 g6 3. Nc3 Bg7 4. Nf3 O-O 5. g3 d6 6. Bg2 Nc6 7. O-O Rb8 8. h3
a6 9. a4 e5 10. d5 Nb4 11. Na2 Nxa2 12. Rxa2 c5 13. Nd2 Bd7 14. a5 b5 15. axb6
Qxb6 16. b3 a5 17. Bb2 Ra8 18. Qa1 Ra7 19. Bc3 Rfa8 20. Rb1 Nh5 21. Ra3 f5 22.
Rb2 e4 23. Bxg7 Nxg7 24. Qc1 Qb4 25. Rba2 Nh5 26. Kh2 Nf6 27. Nb1 Kg7 28. Nc3
Rb7 29. f3 exf3 30. exf3 Re8 31. g4 Qb6 32. Bf1 Qd8 33. g5 Nh5 34. f4 Kf7 35.
Be2 Ng7 36. Bd1 Re7 37. Re2 Be8 38. Qd2 Rxe2+ 39. Nxe2 Rb4 40. Qc3 Bd7 41. Nc1
Nh5 42. Nd3 Rb8 43. Rxa5 h6 44. h4 hxg5 45. fxg5 Ng7 46. Nf4 Rb7 47. Qa1 Qe7
48. Ra8 Be8 49. Qc3 Rd7 50. Bc2 Rb7 51. Ra1 Bd7 52. Re1 Qd8 53. Bd1 Ra7 54. Qg3
Qh8 55. h5 Nxh5 56. Bxh5 Ra2+ 57. Kh1 gxh5 58. g6+ Kg8 59. Qg5 Ra8 60. Nxh5 f4
61. g7 Qh7 62. Kg1 Qf5 63. Nf6+ Kf7 64. g8=Q+ Rxg8 65. Qxg8+ Kxf6 66. Qf8+ Kg5
67. Qg7+ Kh5 68. Qh8+ Kg6 69. Kh2 Qh5+ 70. Qxh5+ Kxh5 71. Ra1 Bf5 72. Ra6 Bc2
73. Rxd6 Bxb3 74. Rc6 Bxc4 75. Rxc5 1-0

[Event "Hoogeveen Open"]
[Site "Hoogeveen, Netherlands"]
[Date "2016.10.20"]
[Round "7.37"]
[White "Den Dunnen, Lola"]
[Black "Mesman, Edwyn"]
[Result "1/2-1/2"]
[WhiteElo "1890"]
[BlackElo "1979"]
[PlyCount "120"]
[EventDate "2016.??.??"]

1. d4 Nf6 2. c4 g6 3. Nc3 Bg7 4. e4 d6 5. h3 O-O 6. Be3 e5 7. d5 Na6 8. Nf3 Nc5
9. Qc2 a5 10. Be2 Ne8 11. g4 f5 12. gxf5 gxf5 13. Bxc5 dxc5 14. O-O-O Ra6 15.
Nd2 Rh6 16. Rdg1 f4 17. Bg4 Bxg4 18. hxg4 f3 19. Rh5 Rxh5 20. gxh5 Kh8 21. Rg3
Bh6 22. Kb1 Qh4 23. Nxf3 Qxh5 24. Qd1 Nd6 25. b3 Bf4 26. Rg1 Rg8 27. Rxg8+ Kxg8
28. Qg1+ Kf7 29. Qg2 Qg6 30. Qh3 Ke7 31. Kb2 Qh6 32. Qxh6 Bxh6 33. Nxe5 Bg7 34.
f4 Bh6 35. Nd3 b6 36. e5 Nf5 37. Ne4 Nd4 38. Nf6 Ne2 39. f5 Nd4 40. Nxh7 Nxf5
41. Nf6 Bg7 42. Ne4 Nd4 43. Ka3 Nc2+ 44. Ka4 Nd4 45. d6+ cxd6 46. exd6+ Kd7 47.
Nf4 Kc6 48. Nd5 Ne6 49. Ne7+ Kb7 50. d7 Be5 51. Nd5 Kc6 52. Nef6 Nd8 53. Ng4
Bg3 54. Nge3 Bh4 55. Nf5 Bg5 56. a3 Ne6 57. Ng3 Bd8 58. Ne4 Kxd7 59. Kb5 Nd4+
60. Ka6 Kc6 1/2-1/2

[Event "Hoogeveen Open"]
[Site "Hoogeveen, Netherlands"]
[Date "2016.10.20"]
[Round "7.38"]
[White "Hilwerda, Jonas"]
[Black "Bruggink, Tycho"]
[Result "1/2-1/2"]
[WhiteElo "2013"]
[BlackElo "1895"]
[PlyCount "155"]
[EventDate "2016.??.??"]

1. e4 e5 2. Nf3 Nc6 3. d4 exd4 4. Nxd4 d6 5. Nc3 Nf6 6. Bb5 Bd7 7. Bxc6 Bxc6 8.
Nxc6 bxc6 9. O-O Be7 10. f4 Nd7 11. Qf3 O-O 12. b3 Bf6 13. Bb2 Bd4+ 14. Kh1 c5
15. Rad1 Qc8 16. Nd5 Re8 17. Bxd4 cxd4 18. Rxd4 Nb6 19. Ne3 Qe6 20. Nf5 d5 21.
Ng3 Qg6 22. exd5 Qxc2 23. f5 f6 24. Qh5 Nd7 25. Rh4 h6 26. Qg4 Ne5 27. Qf4 Nd3
28. Qc4 Qxc4 29. Rxc4 Re7 30. Kg1 Rd8 31. Rd4 Ne5 32. Rfd1 Red7 33. Ne4 Nc6 34.
R4d2 Nb4 35. Nc3 Nc6 36. a3 Na5 37. b4 Nc4 38. Rd4 Ne3 39. R1d2 Nxf5 40. R4d3
c6 41. b5 cxb5 42. Nxb5 Ne7 43. Nc3 Kf7 44. Kf2 Rd6 45. g4 g6 46. Kf3 f5 47.
gxf5 gxf5 48. Ke3 R6d7 49. Kd4 Nxd5 50. Ke5 Nb6 51. Rxd7+ Rxd7 52. Rxd7+ Nxd7+
53. Kxf5 Nb6 54. h3 a5 55. a4 Kg7 56. h4 Kf7 57. h5 Kg7 58. Ke6 Nc4 59. Ne4 Nb2
60. Nc5 Nc4 61. Nb3 Nb2 62. Nxa5 Nxa4 63. Nb7 Nc3 64. Nd6 Ne2 65. Nf5+ Kh7 66.
Ke5 Nc3 67. Nd4 Kg7 68. Ne6+ Kf7 69. Nf4 Nb5 70. Nd5 Kg7 71. Ne7 Nc7 72. Nf5+
Kh7 73. Kd6 Ne8+ 74. Ke7 Ng7 75. Ng3 Nxh5 76. Nxh5 Kg6 77. Ng3 h5 78. Nxh5
1/2-1/2

[Event "Hoogeveen Open 2016"]
[Site "Hoogeveen"]
[Date "2016.10.21"]
[Round "8.1"]
[White "Gupta, Abhijeet"]
[Black "Sandipan, Chanda"]
[Result "1/2-1/2"]
[BlackElo "2593"]
[WhiteElo "2626"]
[LiveChessVersion "1.4.8"]

1. d4 {[%clk 1:30:50]} d5 {[%clk 1:30:44]} 2. c4 {[%clk 1:31:06]} c6
{[%clk 1:31:07]} 3. Nf3 {[%clk 1:30:36]} Nf6 {[%clk 1:31:27]} 4. Nc3
{[%clk 1:31:01]} e6 {[%clk 1:31:50]} 5. Bg5 {[%clk 1:31:19]} dxc4
{[%clk 1:32:11]} 6. e4 {[%clk 1:31:43]} b5 {[%clk 1:32:34]} 7. e5
{[%clk 1:32:09]} h6 {[%clk 1:32:58]} 8. Bh4 {[%clk 1:32:35]} g5 {[%clk 1:33:20]}
9. Nxg5 {[%clk 1:33:01]} hxg5 {[%clk 1:33:42]} 10. Bxg5 {[%clk 1:33:27]} Be7
{[%clk 1:34:05]} 11. exf6 {[%clk 1:32:26]} Bxf6 {[%clk 1:34:29]} 12. Bxf6
{[%clk 1:23:05]} Qxf6 {[%clk 1:34:51]} 13. g3 {[%clk 1:23:28]} Na6
{[%clk 1:35:14]} 14. Bg2 {[%clk 1:23:51]} Bb7 {[%clk 1:35:32]} 15. Ne4
{[%clk 1:24:08]} Qe7 {[%clk 1:35:54]} 16. O-O {[%clk 1:24:31]} O-O-O
{[%clk 1:36:17]} 17. h4 {[%clk 1:19:30]} Kb8 {[%clk 1:36:33]} 18. Qe2
{[%clk 1:05:20]} Rxd4 {[%clk 1:27:55]} 19. Rad1 {[%clk 1:04:22]} e5
{[%clk 1:17:31]} 20. Ng5 {[%clk 1:04:17]} Rxd1 {[%clk 1:16:20]} 21. Rxd1
{[%clk 1:04:43]} Nc7 {[%clk 1:09:43]} 22. Bh3 {[%clk 0:46:31]} Bc8
{[%clk 1:06:54]} 23. Bxc8 {[%clk 0:45:07]} Rxc8 {[%clk 1:07:06]} 24. Qf3
{[%clk 0:44:41]} f6 {[%clk 1:07:00]} 25. Ne4 {[%clk 0:44:38]} Nd5
{[%clk 1:07:14]} 26. a4 {[%clk 0:41:43]} bxa4 {[%clk 1:01:17]} 27. Rc1
{[%clk 0:37:28]} Qb4 {[%clk 0:43:11]} 28. Qe2 {[%clk 0:30:13]} a3
{[%clk 0:40:14]} 29. bxa3 {[%clk 0:30:13]} Qxa3 {[%clk 0:40:36]} 30. Rb1+
{[%clk 0:27:07]} Ka8 {[%clk 0:40:08]} 31. Qxc4 {[%clk 0:22:53]} f5
{[%clk 0:40:09]} 32. Nc5 {[%clk 0:11:27]} e4 {[%clk 0:40:14]} 33. Rb3
{[%clk 0:06:54]} Qa5 {[%clk 0:40:15]} 34. Qc1 {[%clk 0:03:44]} f4
{[%clk 0:30:12]} 35. Ra3 {[%clk 0:01:40]} Qb5 {[%clk 0:25:00]} 36. Rb3
{[%clk 0:02:06]} Qa5 {[%clk 0:21:47]} 37. Ra3 {[%clk 0:02:33]} Qb5
{[%clk 0:21:49]} 38. Rb3 {[%clk 0:02:59]} Qa5 1/2-1/2

[Event "Hoogeveen Open 2016"]
[Site "Hoogeveen"]
[Date "2016.10.21"]
[Round "8.2"]
[White "Van Foreest, Lucas"]
[Black "Lalith Babu M R"]
[Result "1-0"]
[BlackElo "2586"]
[WhiteElo "2350"]
[LiveChessVersion "1.4.8"]

1. e4 {[%clk 1:30:57]} e5 {[%clk 1:30:53]} 2. Nf3 {[%clk 1:31:22]} Nc6
{[%clk 1:31:17]} 3. Bb5 {[%clk 1:31:27]} a6 {[%clk 1:31:40]} 4. Ba4
{[%clk 1:31:54]} Nf6 {[%clk 1:32:02]} 5. O-O {[%clk 1:32:18]} b5 {[%clk 1:25:41]}
6. Bb3 {[%clk 1:32:41]} Bb7 {[%clk 1:25:44]} 7. d3 {[%clk 1:30:50]} Be7
{[%clk 1:23:14]} 8. Re1 {[%clk 1:30:00]} O-O {[%clk 1:22:49]} 9. h3
{[%clk 1:28:04]} d5 {[%clk 1:19:22]} 10. exd5 {[%clk 1:28:23]} Nxd5
{[%clk 1:19:49]} 11. a4 {[%clk 1:27:11]} Nd4 {[%clk 1:13:02]} 12. Nxd4
{[%clk 1:26:58]} exd4 {[%clk 1:13:26]} 13. axb5 {[%clk 1:26:00]} axb5
{[%clk 1:11:47]} 14. Rxa8 {[%clk 1:25:34]} Bxa8 {[%clk 1:12:13]} 15. Na3
{[%clk 1:24:07]} Bb4 {[%clk 1:10:31]} 16. Bd2 {[%clk 1:20:23]} Bxd2
{[%clk 1:09:35]} 17. Qxd2 {[%clk 1:20:43]} Qf6 {[%clk 0:56:14]} 18. Nxb5
{[%clk 1:01:22]} Nf4 {[%clk 0:55:51]} 19. f3 {[%clk 1:01:35]} Qh4
{[%clk 0:40:41]} 20. Nxd4 {[%clk 0:49:12]} Qg3 {[%clk 0:22:58]} 21. Kf1
{[%clk 0:39:46]} c5 {[%clk 0:20:53]} 22. Nf5 {[%clk 0:37:28]} Qh2
{[%clk 0:20:51]} 23. Qf2 {[%clk 0:37:20]} Nh5 {[%clk 0:19:29]} 24. Qxc5
{[%clk 0:32:21]} Bxf3 {[%clk 0:12:13]} 25. gxf3 {[%clk 0:28:59]} Qxh3+
{[%clk 0:12:08]} 26. Kg1 {[%clk 0:29:21]} g6 {[%clk 0:11:47]} 27. Bxf7+
{[%clk 0:29:27]} 1-0